KOHA-Header-6

Essentials of Abnormal Psychology (Record no. 12580)

000 -LEADER
fixed length control field 00297nam a22001217a 4500
020 ## - INTERNATIONAL STANDARD BOOK NUMBER
ISBN 978-1111836993
-- 111183699X
082 ## - DEWEY DECIMAL CLASSIFICATION NUMBER
Classification number 616.89
100 ## - MAIN ENTRY--AUTHOR NAME
Personal name V. Mark Durand
245 ## - TITLE STATEMENT
Title Essentials of Abnormal Psychology
250 ## - EDITION STATEMENT
Edition statement 6th
260 ## - PUBLICATION, DISTRIBUTION, ETC. (IMPRINT)
Place of publication USA
Name of publisher Wadsworth Cengage Learning
Year of publication 2012
942 ## - ADDED ENTRY ELEMENTS (KOHA)
Koha item type Books
Holdings
Withdrawn status Lost status Collection code Permanent Location Current Location Shelving location Date acquired Full call number Accession Number Koha item type
    Psychology MAJU MAJU Shelf No.B35 2020-10-03 616.89 9715 Psychology

Powered by Koha